The forty-eight preludes and fugues of J. S. Bach
Guardat en:
| Autor principal: | |
|---|---|
| Format: | Llibre |
| Idioma: | anglès |
| Publicat: |
Londres
Oxford University
1938
|
| Matèries: | |
| Etiquetes: |
Afegir etiqueta
Sense etiquetes, Sigues el primer a etiquetar aquest registre!
|
MARC
| LEADER | 00000nam a2200000 a 4500 | ||
|---|---|---|---|
| 001 | UCN2680 | ||
| 003 | CL-VaPUC | ||
| 005 | 20240628155538.0 | ||
| 008 | 010531e19380000UK |||||||||||||||||eng|d | ||
| 999 | |c 295735 |d 295733 | ||
| 040 | |c Pontificia Universidad Católica de Valparaíso | ||
| 082 | 0 | 4 | |a 784.187 GRA 1938 |2 21 |
| 100 | |a Gray, Cecil |e author |9 458791 | ||
| 245 | 1 | 4 | |a The forty-eight preludes and fugues of J. S. Bach |
| 260 | |a Londres |b Oxford University |c 1938 | ||
| 300 | |a 148 p | ||
| 583 | |a last modification |c 20010531 00:00:00 |k Rodrigo Vera | ||
| 600 | 0 | |a Bach, Johann Sebastian |d 1685-1750 |e compositor |9 269760 | |
| 650 | 0 | |a Formas musicales |9 306416 | |
| 650 | 0 | |a Fugas |9 458792 | |
| 650 | 0 | |a Preludios |9 458793 | |
| 650 | 0 | |a Contrapunto |9 306432 | |
| 650 | 0 | |a Polifonía |2 CL-VaPUC |9 327335 | |
| 650 | 0 | |a Elementos musicales |2 CL-VaPUC |9 306544 | |
| 650 | 0 | |a Teoría musical |9 265760 | |
| 650 | 0 | |a Compositores alemanes |9 324765 | |
| 942 | |c BK |2 ddc | ||
| 945 | |d 20010531 00:00:00 |a crobeson | ||
| 952 | |0 0 |1 0 |4 0 |6 784_187000000000000_GRA_1938 |7 0 |8 A |9 349063 |a BIBEDU |b BIBEDU |d 2019-11-20 |i 118525K |l 1 |o 784.187 GRA 1938 |p 118525K |r 2023-01-12 |s 2022-08-25 |w 2019-11-20 |y BK |k MUS | ||